LEADER 01078nam a2200289 u 4500 001 000000046796 003 CaOOAMICUS 005 20070226114819.0 008 990720s1995 it u000 u ita u 020 $a8871445902 035 $a10830296 040 $aPUL(R)$bita 100 1 $aLeone, Salvino.$0(OLS)http://pul/name/5948 245 13$aBioetica fedde e cultuta /$cSalvino Leone. 260 $a[Roma] :$bArmando Editore,$c[1995] 300 $a308 p. ;$c21 cm 490 1 $aCollectio bioethica ;$v11 504 $aBibliografia p. 303-304. 650 4$aBioetica.$0(OLS)http://pul/subject/2868 830 0$aCollectio bioethica ;$v11.$0(OLS)http://pul/title/63000 850 $aPUL 852 $aPUL$W1$xSL Religione 1$y3$m39 C 44$j62638$nBK-PRI$b $qStampati$B62638$CPULBib$Z2$F62638 $H $81 941 1 $a8 961 $aINV: 74952 996 $6020$a8871445902$9(OLS)http://pul/number/58344 996 $6245$aBioetica fedde e cultuta$9(OLS)http://pul/title/63008 996 $6260$a[Roma] :$bArmando Editore$9(OLS)http://pul/publisher/66659 LEADER 01221nam a2200301 u 4500 001 000000042339 003 CaOOAMICUS 005 20070226114320.0 008 990225s1987 it u000 u ita u 035 $a10815465 040 $aPUL(R)$bita 245 00$aDossier sui laici /$cSeverino Dianich (ed.) ; Luigi Sartori, Domenico Mogavero, Severino Dianich. 260 $aBrescia :$bQueriniana,$c1987. 300 $a154 p. ;$c20 cm 490 1 $aGiornale di teologia ;$v171 504 $aBibliografia a pič pagina. 650 4$aLaici.$0(OLS)http://pul/subject/212 700 1 $aDianich, Severino,$csacerdote,$d1934-$0(OLS)http://pul/name/26698 700 1 $aSartori, Luigi.$0(OLS)http://pul/name/397 700 1 $aMogavero, Domenico.$0(OLS)http://pul/name/943 830 0$aGiornale di teologia ;$v171.$0(OLS)http://pul/title/9027 850 $aPUL 852 $aPUL$W1$xSL Cons. Gen., Altre Classi 1$y1$m1392 A 171$j57246$nBK-PRI$bVol. non disponibile$qStampati$B57246$CPULBib$Z2$F57246 $82 941 1 $a8 961 $aINV: 56576; vol. non disponibile 983 0$aGdT. 996 $6245$aDossier sui laici$9(OLS)http://pul/title/57123 996 $6260$aBrescia :$bQueriniana$9(OLS)http://pul/publisher/47906